| 000 | 00569nam a2200229Ia 4500 | ||
|---|---|---|---|
| 003 | OSt | ||
| 005 | 20250625110954.0 | ||
| 008 | 210423s2004 xx 000 0 und d | ||
| 020 | _a9788120324527 | ||
| 040 | _cAL | ||
| 041 | _aeng | ||
| 082 |
_a001.42 _223 _bPANR |
||
| 100 |
_aPanneerselvam R _984280 |
||
| 245 | _aResearch methodology | ||
| 260 |
_aNew Delhi _bPHI Learning Pvt Ltd _c2004 |
||
| 300 |
_axvi,639. _bPB |
||
| 365 |
_b325 _cINR |
||
| 650 |
_aGeneral _984281 |
||
| 650 |
_aResearch _984282 |
||
| 906 | _amethodology. ; Research | ||
| 942 |
_2ddc _cBK |
||
| 999 |
_c157000 _d157000 |
||